| 000 -LEADER |
| fixed length control field |
00513cam a22001697a 4500 |
| 008 - FIXED-LENGTH DATA ELEMENTS--GENERAL INFORMATION |
| fixed length control field |
180718b2011 xxu||||| |||| 00| 0 eng d |
| 020 ## - INTERNATIONAL STANDARD BOOK NUMBER |
| International Standard Book Number |
9788178440910 |
| 082 ## - DEWEY DECIMAL CLASSIFICATION NUMBER |
| Classification number |
B3 M687e |
| 245 ## - TITLE STATEMENT |
| Title |
Ethics in governance |
| Statement of responsibility, etc. |
edited by T. K. Mishra, S. P. Aggarwal and B. K. Tiwary |
| 260 ## - PUBLICATION, DISTRIBUTION, ETC. |
| Place of publication, distribution, etc. |
New Delhi |
| Name of publisher, distributor, etc. |
K. K. |
| Date of publication, distribution, etc. |
2011 |
| 300 ## - PHYSICAL DESCRIPTION |
| Extent |
288p. |
| 650 ## - SUBJECT ADDED ENTRY--TOPICAL TERM |
| Topical term or geographic name entry element |
Civil service ethics |
| 650 ## - SUBJECT ADDED ENTRY--TOPICAL TERM |
| Topical term or geographic name entry element |
Public administration -Moral and ethical aspects |
| 700 ## - ADDED ENTRY--PERSONAL NAME |
| Personal name |
Tiwary, B. K. |
| 700 ## - ADDED ENTRY--PERSONAL NAME |
| Personal name |
Aggarwal, S. P. |
| 700 ## - ADDED ENTRY--PERSONAL NAME |
| Personal name |
Mishra, T. K. |